00621 a2200193 4500003000400000005001700004008004100021020001800062040000900080082001500089100002400104245007800128250001200206260002600218300001000244942002200254952013400276999001700410OSt20240209123952.0240209b |||||||| |||| 00| 0 eng d a9788195692439 coclc a920bALI/A aAli, A Asgar910444 aA V Abdurahman Haji: Lalithajeevithavum Adarshadeepthiyum /cA. Asgar Ali a1st ed. aCalicut:bKNM,c2022. a215p. 2ddccBKh920k920 00102ddc40708BIOGRAPHIESaMESbMEScISLd2024-02-09l0o920 ALI/Ap45278r2024-02-09 13:19:27v220.00w2024-02-09yBKzGL47R4 c44429d44429